Geography Quiz

Random Geography or State Quiz
Score 0/50 Timer 20:00
0 Plays Today
Hint Answer % Correct
HawaiiHonolulu
90%
CaliforniaSacramento
87.5%
TexasAustin
87.5%
ColoradoDenver
82.5%
FloridaTallahassee
77.5%
VirginiaRichmond
77.5%
MassachusettsBoston
77.5%
UtahSalt Lake City
77.5%
ArkansasLittle Rock
77.5%
GeorgiaAtlanta
75%
IndianaIndianapolis
75%
New MexicoSanta Fe
75%
New YorkAlbany
75%
OklahomaOklahoma City
72.5%
South CarolinaColumbia
72.5%
MississippiJackson
72.5%
MaineAugusta
70%
OregonSalem
67.5%
OhioColumbus
67.5%
MissouriJefferson City
67.5%
NevadaCarson City
67.5%
South DakotaPierre
67.5%
AlaskaJuneau
65%
PennsylvaniaHarrisburg
65%
IllinoisSpringfield
65%
Hint Answer % Correct
MontanaHelena
65%
Rhode IslandProvidence
65%
WashingtonOlympia
65%
DelawareDover
65%
TennesseeNashville
62.5%
ArizonaPhoenix
62.5%
WisconsinMadison
62.5%
IowaDes Moines
60%
New JerseyTrenton
57.5%
KentuckyFrankfort
57.5%
WyomingCheyenne
57.5%
KansasTopeka
57.5%
VermontMontpelier
57.5%
NebraskaLincoln
57.5%
West VirginiaCharleston
57.5%
IdahoBoise
57.5%
North DakotaBismarck
57.5%
MinnesotaSt Paul
55%
LouisianaBaton Rouge
55%
ConnecticutHartford
55%
MarylandAnnapolis
55%
New HampshireConcord
52.5%
AlabamaMontgomery
50%
North CarolinaRaleigh
50%
MichiganLansing
45%
Come Together.
Have Fun.
All Virtual.
We all need to come together. Play Sporcle's virtual live trivia to have fun, connect with people, and get your trivia on. Join a live hosted trivia game for your favorite pub trivia experience done virtually. If a virtual private party is more your thing, go here for details.

You're not logged in!

Compare scores with friends on all Sporcle quizzes.
OR
Log In

Sporcle TV

Today on Sporcle TV


Watch our educational content, quiz creation guides, and fun videos on Sporcle TV.

Show Comments

Extras

Created Feb 9, 2020ReportNominate
Tags:Capital Quiz, State Quiz

Top Quizzes Today


Score Distribution

Paid Content

Your Account Isn't Verified!

In order to create a playlist on Sporcle, you need to verify the email address you used during registration. Go to your Sporcle Settings to finish the process.

Report this User

Report this user for behavior that violates our Community Guidelines.

Details: